Proceedings of the International Symposium on Fibre Reinforced Concrete, Madras, India, December 16-19, 1987 / (Record no. 550636)
[ view plain ]
| 000 -LEADER | |
|---|---|
| fixed length control field | 00861cam a2200193 a 4500 |
| 020 ## - INTERNATIONAL STANDARD BOOK NUMBER | |
| International Standard Book Number | 8120402707 (set) : |
| 082 00 - DEWEY DECIMAL CLASSIFICATION NUMBER | |
| Classification number | 624.18341 |
| Author Mark | PRO |
| -- | L-19, P-87 |
| 245 10 - TITLE STATEMENT | |
| Title | Proceedings of the International Symposium on Fibre Reinforced Concrete, Madras, India, December 16-19, 1987 / |
| Statement of responsibility, etc. | organised by Structural Engineering Research Centre, Madras (Council of Scientific & Industrial Research). |
| 260 ## - PUBLICATION, DISTRIBUTION, ETC. | |
| Place of publication, distribution, etc. | gow Delhi : |
| Name of publisher, distributor, etc. | Oxford & IBH Pub. Co., |
| Date of publication, distribution, etc. | c1987-1988. |
| 300 ## - PHYSICAL DESCRIPTION | |
| Extent | 3 v. : |
| Other physical details | ill. ; |
| Dimensions | 25 cm. |
| 500 ## - GENERAL NOTE | |
| General note | "General editors: V.S. Parameswaran & T.S. Krishnamoorthy"--T.p. verso. |
| 526 ## - STUDY PROGRAM INFORMATION NOTE | |
| Program name | 0 |
| Interest level | 0 |
| Reading level | 0 |
| Title point value | 624_183410000000000_PRO |
| 650 #0 - SUBJECT ADDED ENTRY--TOPICAL TERM | |
| Topical term or geographic name entry element | Fiber-reinforced concrete |
| 9 (RLIN) | 42697 |
| 650 #0 - SUBJECT ADDED ENTRY--TOPICAL TERM | |
| Topical term or geographic name entry element | MCE |
| 9 (RLIN) | 379 |
| 700 1# - ADDED ENTRY--PERSONAL NAME | |
| Personal name | Krishnamoorthy, T. S. |
| 9 (RLIN) | 47365 |
| 700 1# - ADDED ENTRY--PERSONAL NAME | |
| Personal name | Parameswaran, V. S. |
| 9 (RLIN) | 47366 |
| 710 2# - ADDED ENTRY--CORPORATE NAME | |
| Corporate name or jurisdiction name as entry element | Structural Engineering Research Centre, Madras. |
| 942 ## - ADDED ENTRY ELEMENTS (KOHA) | |
| Source of classification or shelving scheme | |
| Koha item type | Book |
| Withdrawn status | Lost status | Source of classification or shelving scheme | Damaged status | Not for loan | Permanent Location | Current Location | Date acquired | Total Checkouts | Full call number | Barcode | Date last seen | Price effective from | Koha item type |
|---|---|---|---|---|---|---|---|---|---|---|---|---|---|
| Military College of Engineering (MCE) | Military College of Engineering (MCE) | 11/18/2014 | 624.18341 PRO | MCE-25885 | 11/18/2014 | 11/18/2014 | Book |
